Los versos del capitán
Guardat en:
| Autor principal: | |
|---|---|
| Format: | Llibre |
| Idioma: | espanyol |
| Publicat: |
Barcelona
Bruguera
1980
|
| Edició: | 2a. ed |
| Col·lecció: | Libro Amigo
|
| Matèries: | |
| Etiquetes: |
Afegir etiqueta
Sense etiquetes, Sigues el primer a etiquetar aquest registre!
|
MARC
| LEADER | 00000nam a2200000 a 4500 | ||
|---|---|---|---|
| 001 | UCQ2243 | ||
| 003 | CL-VaPUC | ||
| 008 | 980724e19800000SP |||||||||||||||||spa|d | ||
| 082 | 0 | 4 | |a Ch861 |b NER |2 21 |
| 100 | |a Neruda, Pablo |e autor |9 306531 | ||
| 245 | 1 | 4 | |a Los versos del capitán |
| 250 | |a 2a. ed | ||
| 300 | |a 121 p | ||
| 942 | |c BK | ||
| 945 | |d 19980724 00:00:00 |a lriquelm | ||
| 260 | |a Barcelona |b Bruguera |c 1980 | ||
| 650 | 0 | |a Poesías chilenas |9 265280 | |
| 650 | 0 | |a Literatura chilena |9 308278 | |
| 583 | |a last modification |c 19980724 00:00:00 |k Rodrigo Vera | ||
| 490 | 0 | |a Libro Amigo | |
| 999 | |c 273080 |d 273078 | ||
| 952 | |0 0 |1 0 |4 0 |6 CH_861_000000000000000_NER_1980 |7 0 |8 A |9 308364 |a BIBEDU |b BIBEDU |d 2019-11-20 |i 1443917 |o Ch861 NER 1980 |p 1443917 |r 2019-11-20 |w 2019-11-20 |y BK |k LIT | ||